| 000 | 00930nam a22002775a 4500 | ||
|---|---|---|---|
| 001 | 016993016 | ||
| 003 | OSt | ||
| 005 | 20201128023737.0 | ||
| 008 | 141230s2015 enka fr 001 0 eng d | ||
| 020 | _a9781292083322 | ||
| 040 |
_aUk _beng _cUk _dUk _dEG-ScBUE |
||
| 082 | 0 | 4 |
_a658 _222 _bPEE |
| 100 | 1 |
_aPeeling, Nic. _939972 |
|
| 245 | 1 | 0 |
_aHow to be a brilliant manager / _cNic Peeling. |
| 250 | _a3rd ed., Rejacketed ed. | ||
| 260 |
_aHarlow : _bPearson Education Limited, _c2015. |
||
| 300 |
_axiv, 233 p. : _bill. ; _c22 cm. |
||
| 490 | 0 | _aBrilliant. | |
| 500 | _aOriginally published as: Brilliant manager. Prentice Hall. 2010. | ||
| 500 | _aIndex : p. [225]-233. | ||
| 500 | _a"Portions of this text are adapted from Dr Peeling's Principles of Management."--Title page verso. | ||
| 650 | 7 |
_aManagement. _2BUEsh _9553 |
|
| 653 |
_bBUSADM _cMay2016 |
||
| 690 | 7 |
_aManagement and Business Studies _2blcoll |
|
| 942 | _2ddc | ||
| 999 |
_c21738 _d21710 |
||